000 00312nam a22001337a 4500
008 170726b xxu||||| |||| 00| 0 eng d
020 _a9780471365082
041 _aeng
080 _21ST
_a004
100 _a30
101 _aSHK
245 _aAPPLOED OPERATING SYSTEM CONCEPTS
_cSILBERSCHATZ,A
942 _2udc
_cBK
999 _c21954
_d21954